| 000 | 00853nam a2200313Ia 4500 | ||
|---|---|---|---|
| 008 | 170203s9999 xx 000 0 und d | ||
| 020 | _a0-439730147 | ||
| 050 | _aFIc | ||
| 050 | _bA676f | ||
| 100 | _aArdagh, Philip. | ||
| 245 | 4 | _aThe fall of Fergal : | |
| 245 | _bthe first unlikely exploit / | ||
| 245 | _cPhilip Ardagh ; with illustrations by David Roberts. | ||
| 260 | _aNew York : | ||
| 260 | _bScholastic, | ||
| 260 | _c2005 | ||
| 300 | _a123 pages : | ||
| 300 | _billustrations ; | ||
| 300 | _c20 cm. | ||
| 500 | _a"Originally published: Great Britain: Faber and Faber, 2002." | ||
| 650 | _aBrothers and sisters -- | ||
| 650 | _aBrothers and sisters. | ||
| 650 | _aContests -- | ||
| 650 | _aHumorous stories. | ||
| 650 | _aTypewriting -- | ||
| 650 | _xFiction. | ||
| 650 | _xFiction. | ||
| 650 | _xFiction. | ||
| 999 |
_c306425 _d306425 |
||